000 00595nam a2200241 a 4500
001 nice12345678
003 IN_TiNIC
005 20260116013111.0
008 050524s1988 edia grp 000 0 eng
020 _a0567703
_c1100.55
082 0 0 _a111
_bPAN
100 _aPannenberg, Wolfhart
245 _aMetaphysics and the Idea of God
260 _aEdinburgh
_bT & t Clark
_c1988
300 _a170p
500 _aincludes index and biblioraphy
505 2 _aIndex
650 _aMetaphysics
700 1 _aPannenberg, Wolfhart
902 _bSRS
942 _cBK
999 _c9650
_d9650